| 000 | 00356nam a2200133Ia 4500 | ||
|---|---|---|---|
| 005 | 20260328104312.0 | ||
| 008 | 260328s9999||||xx |||||||||||||| ||und|| | ||
| 100 | _aHeben, Andrew | ||
| 245 | 0 |
_aTent City Urbansim : _b from self- Organized Camps / _cAndrew Heben |
|
| 260 | _bVillage Collaborative | ||
| 300 | _a238 p. | ||
| 650 | _aURBANISMO | ||
| 942 | _cBK | ||
| 999 |
_c10985 _d10985 |
||